| 000 | 00696nam a22002417a 4500 | ||
|---|---|---|---|
| 999 |
_c16222 _d16222 |
||
| 003 | AR-CdUCM | ||
| 008 | 190502b ||||| |||| 00| 0 spa d | ||
| 040 |
_aMUNICIPALIDAD PROVINCIAL DEL CUSCO _cBIBLIOTECA MUNICIPAL DEL CUSCO |
||
| 041 | _heng | ||
| 082 |
_a895 / _bK25 |
||
| 100 |
_aKata, Elizabeth _935537 |
||
| 245 | _aUn retazo de azul / | ||
| 260 |
_aBarcelona : _bBruguera, _c1967 |
||
| 300 |
_a223 paginas ; _c18 cm. |
||
| 500 | _aTitulo original : A patch of blue | ||
| 505 | _aContenido : Novela | ||
| 650 |
_aAzul _935538 |
||
| 650 |
_aNovela _9572 |
||
| 650 |
_aLiteratura _9416 |
||
| 650 |
_aNovela de costumbres _910717 |
||
| 942 |
_2ddc _cLIBROS |
||
| 945 |
_awnts _d2019-05-2 |
||